Survey report on usage of information technology in Singapore.
| Format: | Book |
|---|---|
| Published: |
Singapore:
National Computer Board,
1990.
|
| Subjects: |
| LEADER | 00486cam a2200157 7i4500 | ||
|---|---|---|---|
| 001 | 0000004179 | ||
| 005 | 19991025090000.0 | ||
| 002 | ##000005637 | ||
| 020 | 0 | 0 | |a 9971-61-460-x |
| 090 | 0 | 0 | |a SING 004.6 |b SUR |
| 245 | 1 | 0 | |a Survey report on usage of information technology in Singapore. |
| 260 | 0 | 0 | |a Singapore: |b National Computer Board, |c 1990. |
| 300 | 0 | 0 | |a 63 p.. |
| 650 | 0 | 0 | |a Information technology -- |z Singapore |
| 651 | 0 | 0 | |a Singapore |
| 999 | |a 0000006418 |b Book |c Open shelf |e Business Information Centre | ||


